header

Eco-hydrodynamic modelling of primary production in coastal waters and lakes using BLOOM (Record no. 111787)

MARC details
000 -LEADER
fixed length control field 01418nam a2200337Ia 4500
100 1# - MAIN ENTRY--AUTHOR NAME
Personal name Los, Hans,
245 10 - TITLE STATEMENT
Title Eco-hydrodynamic modelling of primary production in coastal waters and lakes using BLOOM
260 ## - PUBLICATION, DISTRIBUTION, ETC. (IMPRINT)
Place of publication Amsterdam ;
-- Fairfax, VA :
Name of publisher Ios Press,
Year of publication c2009.
300 ## - PHYSICAL DESCRIPTION
Number of Pages vi, 282 p. :
Other physical details ill., maps.
490 1# - SERIES STATEMENT
Series statement Deltares select series,
650 #0 - SUBJECT ADDED ENTRY--TOPICAL TERM
Topical Term Ecology
Topical Term Phytoplankton
856 40 - ELECTRONIC LOCATION AND ACCESS
Uniform Resource Identifier http://site.ebrary.com/lib/rucke/Doc?id=10363647

No items available.

© 2026 Rongo University
Contact us: librarian | system librarian | Rongo university